Leeds Metroplitan University (Record no. 195004)
[ view plain ]
| 000 -LEADER | |
|---|---|
| fixed length control field | 00642 a2200157 4500 |
| 003 - CONTROL NUMBER IDENTIFIER | |
| control field | Nust |
| 005 - DATE AND TIME OF LATEST TRANSACTION | |
| control field | 20170207154214.0 |
| 040 ## - CATALOGING SOURCE | |
| Transcribing agency | Nust |
| 082 ## - DEWEY DECIMAL CLASSIFICATION NUMBER | |
| Classification number | 378.4 |
| 245 ## - TITLE STATEMENT | |
| Title | Leeds Metroplitan University |
| Remainder of title | Leeds Metroplitan University |
| 260 ## - PUBLICATION, DISTRIBUTION, ETC. | |
| Place of publication, distribution, etc. | Leeds |
| Name of publisher, distributor, etc. | Investor in People |
| Date of publication, distribution, etc. | 2001 |
| 300 ## - PHYSICAL DESCRIPTION | |
| Extent | 232 p. |
| 505 ## - FORMATTED CONTENTS NOTE | |
| Formatted contents note | Leeds Life (Page-4), Leeds Metropolitan University (Page-8), The Learning Experience (Page-18), Student Life (Page-24), Becoming A Student (Page-30), Undergraduate Courses (Page-45), Postgraduate Courses (Page-162), Professional Courses (Page-213), Index (Page-219). |
| 538 ## - SYSTEM DETAILS NOTE | |
| System details note | Almirah No. 117 Shelf No. 2 |
| 650 ## - SUBJECT ADDED ENTRY--TOPICAL TERM | |
| Topical term or geographic name entry element | UG Prosectus |
| 942 ## - ADDED ENTRY ELEMENTS (KOHA) | |
| Source of classification or shelving scheme | |
| Koha item type | Book |
| Withdrawn status | Lost status | Source of classification or shelving scheme | Damaged status | Not for loan | Collection code | Permanent Location | Current Location | Date acquired | Total Checkouts | Full call number | Barcode | Date last seen | Price effective from | Koha item type |
|---|---|---|---|---|---|---|---|---|---|---|---|---|---|---|
| Military College of Signals (MCS) | Military College of Signals (MCS) | 12/12/2016 | 378.4 LEE | MCSPS-80 | 12/08/2016 | 12/12/2016 | Book |
